000 00747cab a2200253 4500
001 WB3130-29
008 090401t1995 xxu||||| |||| 00| 0 eng d
035 _a(Sirsi) u45986
041 _aeng
245 _aHow building societies force down house prices
260 _c1995
350 _a0
490 _aSunday Times
_v30 July 1995, 1(2)
520 _aBuilding societies are threatening any recovery in the housing market by undervaluing properties
650 _aBUILDING SOCIETIES
650 _aHOME OWNERSHIP
650 _aHOUSE SALES
650 _aMORTGAGE VALUATIONS
650 _aRICS
650 _aUNDER-VALUATION
690 _aPROPERTY-RESIDENTIAL PROPERTY-RESIDENTIAL PROPERTY MARKET
942 _n0
948 _c04/03/1997
999 _c29093
_d29093